| 000 | 00670nam a2200169 i 4500 | ||
|---|---|---|---|
| 001 | 173413 | ||
| 003 | ES-MaACL | ||
| 005 | 20230906215232.0 | ||
| 008 | 091201s1962 pr |||| | spa d | ||
| 080 | _a016:34(729.5) | ||
| 100 | 1 |
_aDávila Lanausse, José Nilo. _9156855 |
|
| 245 | 1 | 0 |
_aBibliotheca legum portoricensis _b: collectanea jurídica : bibliografía legal selecta de Puerto Rico, siglos XIX-XX / _cJosé Nilo Dávila Lanausse. |
| 260 |
_a[San Juan] : _bColegio de Abogados de Puerto Rico, _c1962 ( _eBarcelona : _fM. Pareja, imp.) |
||
| 300 |
_a505 p. ; _c22 cm. |
||
| 650 | 4 |
_aDerecho- _zPuerto Rico- _vBibliografías. _9156856 |
|
| 852 |
_aES-MaACL _jC-57014 |
||
| 999 |
_c173413 _d173413 |
||